| 000 | 00615nam a2200217 u 4500 | ||
|---|---|---|---|
| 005 | 20240924070351.0 | ||
| 008 | 170123s2007 es r 000 0 spa d | ||
| 020 | _a9788424119188 | ||
| 035 | _aUPN01000215465 | ||
| 049 | _aI | ||
| 050 | 4 |
_aPR4611 A3 _bS2.2 |
|
| 100 | 1 |
_aSayalero, Myriam _940098 |
|
| 245 | 1 | 0 |
_aAlicia en el país de las maravillas / _badap. Myriam Sayalero ; il. Ada García. |
| 260 |
_aLeón, Esp. : _bEverest, _c2007. |
||
| 300 | _a16 p. | ||
| 440 | 0 | _aGirasol | |
| 650 | 0 |
_aLiteratura infantil inglesa _911046 |
|
| 650 | 0 |
_aFantasía _911180 |
|
| 905 | _aInfantil | ||
| 999 |
_c187565 _d187565 |
||